000 00429nam a2200169Ia 4500
008 230711s9999||||xx |||||||||||||| ||und||
020 _a978-81-203-4291-0
041 _aENG
082 _a621.3824
_bYA-A
100 _aYadav,R.L
245 0 _aAntenna and Wave Propagation
250 _a1st Ed.
260 _c2011
_aNew Delhi
_bPHI Learning Private Limited
300 _a732p.
650 _aElectronics Engineering
942 _cBK
999 _c6616
_d6616